000 00664nam a2200241Ia 4500
001 6530
005 20240113233922.0
007 ta
008 170602s1966 ii a g b000 u hin u
040 _aCotton College Assam
041 _ahin
082 _a891.43309
_bAs 98 N
100 _aAbasthi, Devi Sankar.
245 0 _aNayi Kahani : Sandarbh Aur Prakriti /
_cDevi Sankar Abasthi.
_hTextual Documents
250 _a1st ed /
260 _aDelhi :
_bAkshar Prakashan Pvt. Ltd ,
_c1966.
300 _a189p. :
_bill. ;
_c22cm. .
653 _aHindi Short Stories
942 _2ddc
_cBK
999 _c6517
_d6517